Top 12 Economies by country - Statistics

General Stats
  • This quiz has been taken 33 times
  • The average score is 12 of 12
Answer Stats
Rank Answer % Correct
2 China
100%
7 France
100%
9 Italy
100%
3 Japan
100%
5 UK
100%
1 USA
100%
4 Germany
97%
12 Russia
97%
8 Brazil
93%
6 India
93%
11 South Korea
90%
10 Canada
83%
No matching quizzes found
Score Distribution
Percent of People with Each Score
Percentile by Number Answered
Your Score History
You have not taken this quiz